LDR 00838naa#a2200205#i#450# 001 EN\\bibl\120224 005 20260607170139.7 011 ## _a2500-4026 100 ## _a20230930b2023####ek#y0engy0150####ca 101 0# _aRUS 102 ## _aRU 200 1# _aRECONFIGURATION OF COMBAT PLANNING TO EXTINGUISH FIRE IN MEDICAL INSTITUTIONS WHEN OPERATING IN A PANDEMIC _eJournal article 210 1# _aZheleznogorsk _cFSBEE HE Siberian Fire and Rescue Academy EMERCOM of Russia _d2023 215 ## _a6 с. 608 ## _aJournal article _2local 675 ## _aИзвещение о пожаре. Пожарная тревога. Техника и тактика тушения пожара. Организация тушения пожара. 614.842 _zRUS 700 #1 _aSergeev _gI YU 700 #1 _aSamoshin _gD A 700 #1 _aLoran _gN M 856 4# _aapbt-sibpsa.editorum.ru _u